Makroekonomie : základní kurz /

Main Author: Pavelka, Tomáš, 1975-
Language: Czech
Published: Praha : Vysoká škola ekonomie a managementu, 2010
Edition: 3., aktualiz. vyd.
Series: Edice učebních textů. Ekonomie
Subjects:
Online Access: Digitalizovaný dokument
Physical Description: 273 s. : il. ; 30 cm
Book
Saved in:
LEADER 01558nam a2200409 a 4500
001 nkc20102155569
003 CZ PrNK
005 20110204135956.0
007 ta
008 110110s2010 xr a e p 000 0 cze
015 |a cnb002155569 
020 |a 978-80-86730-55-4  |q (brož.) 
035 |a (OCoLC)703550703 
040 |a ABA001  |b cze  |d BOA001 
072 7 |a 33  |x Ekonomie  |2 Konspekt  |9 4 
072 7 |a 37.016  |x Učební osnovy. Vyučovací předměty. Učebnice  |2 Konspekt  |9 22 
080 |a 330.101.541  |2 MRF 
080 |a (075.8)  |2 MRF 
100 1 |a Pavelka, Tomáš,  |d 1975-  |7 mzk2004248647  |4 aut 
245 1 0 |a Makroekonomie :  |b základní kurz /  |c Tomáš Pavelka 
250 |a 3., aktualiz. vyd. 
260 |a Praha :  |b Vysoká škola ekonomie a managementu,  |c 2010 
300 |a 273 s. :  |b il. ;  |c 30 cm 
490 1 |a Edice učebních textů. Ekonomie 
500 |a Terminologický slovník 
504 |a Obsahuje bibliografii a bibliografické odkazy 
650 0 7 |a makroekonomie  |7 ph115205  |2 czenas 
650 0 9 |a macroeconomics  |2 eczenas 
655 7 |a učebnice vysokých škol  |7 fd133772  |2 czenas 
655 9 |a textbooks (higher)  |2 eczenas 
810 2 |a Vysoká škola ekonomie a managementu.  |t Učební texty.  |p Ekonomie  |0 s 
856 4 1 |u http://www.digitalniknihovna.cz/mzk/uuid/uuid:14fda330-dae9-11e5-984e-005056827e52  |y Digitalizovaný dokument  |x NDK 
910 2 |a BOA001  |b 4-1254.594 
990 |a BK 
995 |a 01 
991 |b 201101  |c NOV  |e n 
996 6 |b 2610459234  |c 4-1254.594  |l MZK  |r Sklad / do 1 hodiny  |n 37  |p p.v.  |w 001162974  |u 000010  |a 1  |e BOA001  |j MZK50  |s P